UBT Library

Human resource management/ (Record no. 1161)

000 -LEADER
fixed length control field 00444nam a22001697a 4500
008 - FIXED-LENGTH DATA ELEMENTS--GENERAL INFORMATION
fixed length control field 150923b xxu||||| |||| 00| 0 eng d
020 ## - INTERNATIONAL STANDARD BOOK NUMBER
International Standard Book Number 9788131754269
041 0# - LANGUAGE CODE
Language code of text/sound track or separate title eng
080 ## - UNIVERSAL DECIMAL CLASSIFICATION NUMBER
Universal Decimal Classification number 658.3
245 ## - TITLE STATEMENT
Title Human resource management/
Statement of responsibility, etc Gary Dessler; Biju Varkkey ;
250 ## -
-- 12th ed.
260 ## -
-- India:
-- Pearson;
-- 2011.
300 ## -
-- 736 f.:
-- me il.;
-- 25 cm.
650 #0 -
-- Burimet njerëzore
650 #0 -
-- Punonjësit
942 ## - ADDED ENTRY ELEMENTS (KOHA)
Source of classification or shelving scheme
Item type Books
Holdings
Withdrawn status Lost status Source of classification or shelving scheme Damaged status Not for loan Collection code Permanent location Current location Shelving location Date acquired Total Checkouts Full call number Barcode Date last seen Price effective from Koha item type
          Koleksioni i përgjithshem UBT - Lipjan UBT - Lipjan Koleksioni i përgjithshem 09/23/2015   658.3 DES 002-007652 09/23/2015 09/23/2015 Books
UBT Library © 2015-2024. All rights reserved University Education for Business and Technology